Regional development and conditions for innovation in the network society
Αποθηκεύτηκε σε:
| Άλλοι συγγραφείς: | , , |
|---|---|
| Μορφή: | Βιβλίο |
| Γλώσσα: | English |
| Δημοσίευση: |
West Lafayette, Indianna :
Purdue University Press,
2005
|
| Σειρά: | International series on technology policy and innovation
|
| Θέματα: | |
| Ετικέτες: |
Προσθήκη ετικέτας
Δεν υπάρχουν, Καταχωρήστε ετικέτα πρώτοι!
|
MARC
| LEADER | 00000nam a2200000 i 4500 | ||
|---|---|---|---|
| 001 | 1/48471 | ||
| 008 | 070718s2005 eng d | ||
| 020 | |a 1-55753-355-5 (pbk.) | ||
| 035 | |l 10088925 | ||
| 040 | |a GR-MY-UA |b gre |e aacr | ||
| 041 | 0 | |a eng | |
| 082 | 0 | |a 338.9 |2 (22) | |
| 245 | 1 | 0 | |a Regional development and conditions for innovation in the network society / |c edited by Marina Van Geenhuizen, David V. Gibson, Manuel V.Heitor |
| 260 | |a West Lafayette, Indianna : |b Purdue University Press, |c 2005 | ||
| 300 | |a ix. 366 σ.; |b πιν., σχ.; |c 24 εκ. | ||
| 490 | 1 | |a International series on technology policy and innovation | |
| 504 | |a Βιβλιογραφία: σ. 355-357. Ευρετήριο: σ. 359-361 | ||
| 650 | 0 | 0 | |a Regional planning. |
| 650 | 0 | 0 | |a Regional economics. |
| 650 | 0 | 0 | |a Information society. |
| 650 | 0 | 0 | |a Information technology |x Economic aspects. |
| 650 | 0 | 0 | |a Technological innovations |x Economic aspects. |
| 650 | 0 | 0 | |a Knowledge management |x Economic aspects. |
| 700 | 1 | |a Geenhuizen, M. S. van. |4 edt | |
| 700 | 1 | |a Gibson, David V. |4 edt | |
| 700 | 1 | |a Heitor, Manuel V. |d 1957- |4 edt | |
| 830 | 0 | |a International series on technology policy and innovation | |
| 852 | |a INST |b CHIOS |e 20070718 |h 338.9 REG |p 005200025940 |q 005200025940 |t BK |y 0 | ||
| 901 | |a BIBL2-2007-2 | ||
| 909 | |a Χ |b 135712 | ||
| 922 | |a 2ΕΛΗ |b ΕΠΕΑΚ2/ΤΔΕ |d ΠΑΠΑΣΩΤΗΡΙΟΥ | ||
| 970 | |a Ατσάλη |b Δέσποινα |z 2006/07/18 | ||